[Event "GER-chT10 LJ-01 Br03 email"]
[Site "GER email"]
[Date "2013.10.04"]
[Round "?"]
[White "Burgarth, Ulrich"]
[Black "Repp, Heinrich"]
[Result "1/2-1/2"]
[WhiteElo "2224"]
[BlackElo "2283"]
[PlyCount "69"]
[EventDate "2013.10.15"]
[EventType "tourn (corr)"]
[EventRounds "8"]
[EventCountry "GER"]
[SourceTitle "Corr 2015"]
[Source "ChessBase"]
[SourceDate "2015.07.17"]
[SourceVersion "1"]
[SourceVersionDate "2015.07.17"]
[SourceQuality "1"]

1. d4 Nf6 2. c4 e6 3. Nf3 d5 4. g3 dxc4 5. Bg2 a6 6. 0-0 Nc6 7. e3 Bd7 8. Qe2 b5 9. b3 cxb3 10. axb3 Bd6 11. Bb2 0-0 12. Rc1 Nb4 13. Ne5 Rc8 14. Na3 Bxe5 15. dxe5 Nfd5 16. e4 Ne7 17. Nc2 c5 18. Nxb4 cxb4 19. Rxa6 Rxc1+ 20. Bxc1 Qc8 21. Ra1 Qc3 22. Rb1 Rc8 23. Qd1 Be8 24. Bb2 Qc7 25. Bf1 Rd8 26. Qe2 h6 27. Rd1 Rxd1 28. Qxd1 Qa5 29. Qa1 Qd8 30. Qc1 Bc6 31. Qb1 Qa5 32. Bd4 Bb7 33. Be3 g5 34. Qc2 Qa8 35. Qc7 1/2-1/2

[Event "GER-chT10 LJ-01 Br03 email"]
[Site "GER email"]
[Date "2013.10.04"]
[Round "?"]
[White "Windhorst, Werner"]
[Black "Burgarth, Ulrich"]
[Result "1/2-1/2"]
[WhiteElo "2281"]
[BlackElo "2224"]
[PlyCount "80"]
[EventDate "2013.10.15"]
[EventType "tourn (corr)"]
[EventRounds "8"]
[EventCountry "GER"]
[SourceTitle "Corr 2015"]
[Source "ChessBase"]
[SourceDate "2015.07.17"]
[SourceVersion "1"]
[SourceVersionDate "2015.07.17"]
[SourceQuality "1"]

1. d4 Nf6 2. c4 e6 3. Nf3 Bb4+ 4. Nbd2 b6 5. a3 Bxd2+ 6. Qxd2 Bb7 7. e3 0-0 8. Be2 d6 9. 0-0 a5 10. b3 Nbd7 11. Bb2 Qe7 12. Rad1 Rfe8 13. Rfe1 c5 14. dxc5 dxc5 15. Qd6 e5 16. a4 Be4 17. Qxe7 Rxe7 18. Rd2 Bc6 19. Red1 Ra7 20. Ng5 Ne8 21. Bd3 Nf8 22. f3 f6 23. Ne4 Kf7 24. Nc3 Red7 25. Kf2 Ke7 26. g3 Rd8 27. Bc2 Rxd2+ 28. Rxd2 Rd7 29. Rxd7+ Kxd7 30. Nd5 Bxd5 31. cxd5 Kd6 32. e4 g5 33. Bd3 Ke7 34. Ke3 Ng6 35. Bf1 Nd6 36. Bc3 h5 37. Bd3 Kd8 38. Bd2 Ke7 39. Be1 Kd8 40. Bc3 Ke7 1/2-1/2